00377pab a2200121 454500008004000000100002700040245011400067260000900181300001400190362000800204650001500212773002800227180718b2010 xxu||||| |||| 00| 0 eng d aHustinx, Lesley et al. aSocial and cultural origins of motivations to volunteer: a comparison of university students in six countries c2010 ap.349-82. aMay aMotivation aInternational Sociology